Most unhealthy countries - Statistics

General Stats
  • This quiz has been taken 58 times
  • The average score is 15 of 21
Answer Stats
Hint Answer % Correct
Europe United Kingdom
96%
North America United States
92%
Europe Ukraine
86%
North America Canada
82%
Europe Russia
82%
Oceania Australia
74%
Europe Bulgaria
74%
Europe Poland
74%
Europe Hungary
72%
Europe Romania
72%
Europe Slovakia
70%
Europe Belarus
68%
Europe Estonia
66%
Europe Greece
66%
Europe Lithuania
66%
Europe Slovenia
66%
Europe Belgium
62%
Europe Croatia
62%
Europe Czech Republic
58%
Europe Luxembourg
50%
Asia Lebanon
20%
No matching quizzes found
Score Distribution
Percent of People with Each Score
Percentile by Number Answered
Your Score History
You have not taken this quiz